[Event "MCR H14"]
[Site "?"]
[Date "2021.06.29"]
[Round "9.9"]
[White "Simunek, Jakub Simon"]
[Black "Juracak, David"]
[Result "1/2-1/2"]
[BlackElo "1660"]
[WhiteElo "1763"]
[LiveChessVersion "1.4.8"]

1. d4 {[%clk 1:30:54]} d5 {[%clk 1:30:54]} 2. Nf3 {[%clk 1:31:21]} Nf6
{[%clk 1:31:18]} 3. e3 {[%clk 1:31:41]} e6 {[%clk 1:31:42]} 4. Bd3
{[%clk 1:32:06]} c5 {[%clk 1:31:48]} 5. b3 {[%clk 1:32:30]} Nc6 {[%clk 1:32:14]}
6. Bb2 {[%clk 1:32:56]} Bd6 {[%clk 1:32:35]} 7. Nbd2 {[%clk 1:33:16]} b6
{[%clk 1:32:50]} 8. O-O {[%clk 1:33:38]} O-O {[%clk 1:33:12]} 9. a3
{[%clk 1:33:51]} Bb7 {[%clk 1:33:17]} 10. Ne5 {[%clk 1:33:23]} Re8
{[%clk 1:33:32]} 11. f4 {[%clk 1:30:16]} Rc8 {[%clk 1:24:32]} 12. c3
{[%clk 1:07:57]} Ne7 {[%clk 1:18:05]} 13. Rf3 {[%clk 1:06:53]} Nf5
{[%clk 1:10:24]} 14. Rh3 {[%clk 1:04:20]} h5 15. Nf1 {[%clk 0:35:07]} g6
{[%clk 0:34:47]} 16. Qe2 {[%clk 0:35:07]} Kf8 {[%clk 0:28:47]} 17. Nd2
{[%clk 0:33:28]} Bb8 {[%clk 0:22:51]} 18. Ndf3 {[%clk 0:30:55]} Bxe5
{[%clk 0:20:02]} 19. Nxe5 {[%clk 0:27:53]} Ke7 {[%clk 0:17:51]} 20. Rf3
{[%clk 0:20:51]} Rh8 {[%clk 0:16:18]} 21. Rff1 {[%clk 0:18:38]} Kf8
{[%clk 0:14:13]} 22. a4 cxd4 23. cxd4 {[%clk 0:18:18]} Nd6 {[%clk 0:14:04]} 24.
Rac1 {[%clk 0:17:33]} Kg7 {[%clk 0:14:26]} 25. Rxc8 {[%clk 0:15:15]} Qxc8
{[%clk 0:14:32]} 26. Rc1 {[%clk 0:12:19]} Qb8 {[%clk 0:11:21]} 27. Ba3 Nde4
{[%clk 0:11:17]} 28. Qb2 {[%clk 0:10:45]} Rc8 29. Bb5 {[%clk 0:09:03]} Rxc1+
{[%clk 0:07:49]} 30. Qxc1 Qc8 {[%clk 0:08:15]} 31. Qxc8 {[%clk 0:08:22]} Bxc8
{[%clk 0:06:18]} 32. Bb4 Ng4 33. Nxg4 {[%clk 0:04:03]} hxg4 {[%clk 0:06:37]} 34.
Kf1 {[%clk 0:03:14]} Kf6 {[%clk 0:06:47]} 35. Ke2 Kf5 {[%clk 0:06:36]} 36. g3
{[%clk 0:02:29]} g5 {[%clk 0:06:14]} 37. Bd3 {[%clk 0:01:28]} gxf4
{[%clk 0:05:27]} 38. exf4 {[%clk 0:01:49]} Kg6 {[%clk 0:05:18]} 39. Bd6
{[%clk 0:01:15]} f5 {[%clk 0:05:29]} 40. Bb8 {[%clk 0:01:23]} a6 {[%clk 0:05:22]}
41. Bc7 {[%clk 0:01:41]} b5 {[%clk 0:05:27]} 42. axb5 {[%clk 0:28:47]} Nc3+
{[%clk 0:34:49]} 43. Ke3 {[%clk 0:28:54]} Nxb5 {[%clk 0:34:33]} 44. Bb6
{[%clk 0:25:37]} Nd6 {[%clk 0:31:21]} 45. Ba5 {[%clk 0:21:45]} Kf7
{[%clk 0:30:48]} 46. Be1 {[%clk 0:21:18]} Ne8 {[%clk 0:30:09]} 47. Kd2
{[%clk 0:21:17]} Ke7 {[%clk 0:29:37]} 48. Kc3 {[%clk 0:21:03]} Kd7
{[%clk 0:28:30]} 49. Kb4 {[%clk 0:20:46]} Kc6 {[%clk 0:28:15]} 50. Ka5
{[%clk 0:20:25]} Nc7 {[%clk 0:28:32]} 51. Kb4 {[%clk 0:11:27]} 1/2-1/2

[Event "MCR H14"]
[Site "?"]
[Date "2021.06.29"]
[Round "9.10"]
[White "Kubin, Tomas Daniel"]
[Black "Seidl, Jan"]
[Result "0-1"]
[BlackElo "1726"]
[WhiteElo "1618"]
[LiveChessVersion "1.4.8"]

1. e4 {[%clk 1:30:56]} c6 {[%clk 1:30:57]} 2. d4 {[%clk 1:31:20]} d5
{[%clk 1:31:24]} 3. Nc3 {[%clk 1:31:43]} dxe4 {[%clk 1:31:40]} 4. Nxe4
{[%clk 1:32:05]} Bf5 {[%clk 1:31:57]} 5. Ng3 {[%clk 1:32:24]} Bg6
{[%clk 1:32:22]} 6. h4 {[%clk 1:32:41]} h6 {[%clk 1:32:48]} 7. h5
{[%clk 1:32:30]} Bh7 {[%clk 1:33:12]} 8. Nf3 {[%clk 1:32:47]} Qc7
{[%clk 1:32:38]} 9. Bd3 {[%clk 1:32:41]} Bxd3 {[%clk 1:32:55]} 10. Qxd3
{[%clk 1:33:04]} Nd7 {[%clk 1:33:04]} 11. Bd2 {[%clk 1:32:23]} O-O-O
{[%clk 1:33:23]} 12. O-O-O {[%clk 1:30:44]} e6 {[%clk 1:33:37]} 13. Kb1
{[%clk 1:25:34]} Ngf6 {[%clk 1:33:32]} 14. Ne4 {[%clk 1:25:26]} Nxe4
{[%clk 1:33:55]} 15. Qxe4 {[%clk 1:25:51]} Nf6 {[%clk 1:34:08]} 16. Qe2
{[%clk 1:25:54]} Bd6 {[%clk 1:34:12]} 17. c4 {[%clk 1:24:55]} Rhe8
{[%clk 1:33:08]} 18. Ne5 {[%clk 1:21:01]} Re7 {[%clk 1:05:52]} 19. Bc3
{[%clk 1:07:13]} Nd7 {[%clk 0:47:38]} 20. f4 {[%clk 0:56:53]} f6 {[%clk 0:46:34]}
21. Ng6 {[%clk 0:55:45]} Ree8 {[%clk 0:45:56]} 22. g3 {[%clk 0:50:33]} Nf8
{[%clk 0:42:00]} 23. Nh4 {[%clk 0:47:05]} Qf7 {[%clk 0:39:55]} 24. Qg4
{[%clk 0:39:24]} f5 {[%clk 0:37:19]} 25. Qf3 {[%clk 0:37:31]} Nd7
{[%clk 0:37:40]} 26. Ng6 {[%clk 0:35:08]} Nf6 {[%clk 0:37:24]} 27. Ne5
{[%clk 0:32:55]} Bxe5 {[%clk 0:36:58]} 28. dxe5 {[%clk 0:33:13]} Rxd1+
{[%clk 0:37:09]} 29. Qxd1 {[%clk 0:33:28]} Ne4 {[%clk 0:37:12]} 30. Qf3
{[%clk 0:26:17]} Rd8 {[%clk 0:35:31]} 31. Kc1 {[%clk 0:22:54]} Qe7
{[%clk 0:30:56]} 32. Rd1 {[%clk 0:18:52]} Rxd1+ {[%clk 0:30:43]} 33. Kxd1
{[%clk 0:19:04]} Qc5 {[%clk 0:30:53]} 34. b3 {[%clk 0:14:42]} Qg1+
{[%clk 0:29:54]} 35. Be1 {[%clk 0:13:33]} Qh2 {[%clk 0:24:42]} 36. Qe2
{[%clk 0:11:10]} Qg1 {[%clk 0:23:42]} 37. Qf3 {[%clk 0:07:13]} Qd4+
{[%clk 0:23:15]} 38. Ke2 {[%clk 0:05:54]} Qb2+ {[%clk 0:23:26]} 39. Kf1
{[%clk 0:05:29]} Qxa2 {[%clk 0:18:46]} 40. Qe3 b6 {[%clk 0:17:01]} 41. Qd3
{[%clk 0:29:41]} Qh2 {[%clk 0:47:03]} 42. c5 {[%clk 0:26:42]} Qh1+
{[%clk 0:46:34]} 43. Ke2 {[%clk 0:26:34]} Qxh5+ {[%clk 0:46:52]} 44. Kf1
{[%clk 0:26:17]} Nxc5 {[%clk 0:46:45]} 45. Qd6 {[%clk 0:24:49]} Qe8
{[%clk 0:46:20]} 46. b4 {[%clk 0:22:05]} Ne4 {[%clk 0:45:34]} 0-1

[Event "MCR H14"]
[Site "?"]
[Date "2021.06.29"]
[Round "9.11"]
[White "Lang, Simon"]
[Black "Dejmek, Tomas"]
[Result "0-1"]
[BlackElo "1405"]
[WhiteElo "1757"]
[LiveChessVersion "1.4.8"]

1. e4 {[%clk 1:30:20]} e5 {[%clk 1:30:46]} 2. f4 {[%clk 1:29:26]} exf4
{[%clk 1:29:41]} 3. Nf3 {[%clk 1:28:29]} g5 {[%clk 1:27:21]} 4. Bc4
{[%clk 1:27:08]} Nc6 {[%clk 1:24:28]} 5. O-O {[%clk 1:25:13]} d6 {[%clk 1:20:33]}
6. d4 {[%clk 1:07:45]} Qe7 {[%clk 1:07:44]} 7. Nc3 {[%clk 0:55:03]} Bg4
{[%clk 1:03:56]} 8. b4 {[%clk 0:51:27]} Bg7 {[%clk 0:58:07]} 9. Nd5
{[%clk 0:47:48]} Bxf3 {[%clk 0:47:59]} 10. Nxe7 {[%clk 0:34:13]} Bxd1
{[%clk 0:47:46]} 11. Nxc6 {[%clk 0:34:29]} Bxc2 {[%clk 0:47:52]} 12. Bd5
{[%clk 0:30:51]} bxc6 {[%clk 0:42:59]} 13. Bxc6+ {[%clk 0:30:02]} Kd8
{[%clk 0:43:14]} 14. Bb2 {[%clk 0:29:05]} Rb8 {[%clk 0:41:30]} 15. Rac1
{[%clk 0:29:18]} Bd3 {[%clk 0:40:40]} 16. Rf3 {[%clk 0:29:36]} Ba6
{[%clk 0:38:14]} 17. Ra3 {[%clk 0:29:26]} Rxb4 {[%clk 0:34:58]} 18. Bc3
{[%clk 0:28:44]} Rb6 {[%clk 0:34:25]} 19. Ba5 {[%clk 0:28:57]} Bxd4+
{[%clk 0:33:17]} 20. Kh1 {[%clk 0:29:04]} Bb2 {[%clk 0:32:27]} 21. Bxb6
{[%clk 0:28:09]} Bxa3 {[%clk 0:32:45]} 22. Rc3 {[%clk 0:28:21]} axb6
{[%clk 0:31:04]} 23. Rxa3 {[%clk 0:28:43]} Bc4 {[%clk 0:30:31]} 24. Bb7
{[%clk 0:28:47]} Be6 {[%clk 0:30:03]} 25. Kg1 {[%clk 0:28:48]} Ne7
{[%clk 0:29:48]} 26. Kf2 {[%clk 0:28:28]} Nc8 {[%clk 0:29:50]} 27. Ke2
{[%clk 0:28:39]} c5 {[%clk 0:29:49]} 28. Bxc8 {[%clk 0:28:39]} Bxc8
{[%clk 0:30:05]} 29. Ra7 {[%clk 0:28:59]} Re8 {[%clk 0:29:27]} 30. Rxf7
{[%clk 0:29:12]} Rxe4+ {[%clk 0:29:44]} 31. Kd3 {[%clk 0:29:37]} Re7
{[%clk 0:30:07]} 32. Rf6 {[%clk 0:29:49]} Kc7 {[%clk 0:29:58]} 33. h4
{[%clk 0:30:09]} gxh4 {[%clk 0:29:30]} 34. Rxf4 {[%clk 0:30:30]} h3
{[%clk 0:29:51]} 35. gxh3 {[%clk 0:30:31]} Bxh3 {[%clk 0:30:01]} 36. Ra4
{[%clk 0:30:41]} Kc6 {[%clk 0:30:10]} 37. Rh4 {[%clk 0:31:03]} Be6
{[%clk 0:30:23]} 38. a3 {[%clk 0:31:22]} c4+ {[%clk 0:30:25]} 39. Kc3
{[%clk 0:31:46]} Kc5 {[%clk 0:30:43]} 40. Rh5+ {[%clk 0:32:09]} d5
{[%clk 0:31:01]} 41. Rh4 {[%clk 0:32:31]} Ra7 {[%clk 0:31:10]} 42. a4
{[%clk 0:32:30]} Rxa4 {[%clk 0:31:30]} 43. Rxh7 {[%clk 0:32:52]} Ra3+
{[%clk 0:31:47]} 44. Kd2 0-1

[Event "MCR H14"]
[Site "?"]
[Date "2021.06.29"]
[Round "9.12"]
[White "Mrkvan, Frantisek"]
[Black "Tajovsky, Simon"]
[Result "1/2-1/2"]
[BlackElo "1648"]
[WhiteElo "1518"]
[LiveChessVersion "1.4.8"]

1. e4 {[%clk 1:30:58]} c5 {[%clk 1:30:56]} 2. c3 {[%clk 1:31:21]} d5
{[%clk 1:31:23]} 3. exd5 {[%clk 1:31:46]} Qxd5 {[%clk 1:31:49]} 4. d4
{[%clk 1:32:10]} Nc6 {[%clk 1:32:15]} 5. Nf3 {[%clk 1:32:30]} Bg4
{[%clk 1:32:40]} 6. dxc5 {[%clk 1:32:39]} Qxd1+ {[%clk 1:30:14]} 7. Kxd1
{[%clk 1:32:59]} e5 {[%clk 1:29:41]} 8. b4 {[%clk 1:32:51]} e4 {[%clk 1:29:06]}
9. h3 {[%clk 1:33:16]} Bxf3+ {[%clk 1:27:40]} 10. gxf3 {[%clk 1:33:34]} exf3
{[%clk 1:27:56]} 11. Nd2 {[%clk 1:33:41]} O-O-O {[%clk 1:26:49]} 12. Kc2
{[%clk 1:30:09]} Ne5 {[%clk 1:19:19]} 13. Bb5 {[%clk 1:22:21]} Ne7
{[%clk 1:15:27]} 14. Re1 {[%clk 1:21:21]} f6 {[%clk 1:13:44]} 15. Nc4
{[%clk 1:07:53]} N7g6 {[%clk 1:06:39]} 16. Be3 {[%clk 1:00:45]} Be7
{[%clk 0:59:10]} 17. Bd4 {[%clk 0:57:45]} a6 {[%clk 0:46:15]} 18. Bxe5
{[%clk 0:44:18]} fxe5 {[%clk 0:42:06]} 19. Nb6+ {[%clk 0:43:57]} Kc7
{[%clk 0:42:12]} 20. Bc4 {[%clk 0:43:23]} Bh4 {[%clk 0:40:45]} 21. Re3
{[%clk 0:33:33]} Rhf8 {[%clk 0:34:24]} 22. Bd5 {[%clk 0:33:08]} Bxf2
{[%clk 0:27:48]} 23. Rxf3 {[%clk 0:33:03]} Rxf3 {[%clk 0:27:08]} 24. Bxf3
{[%clk 0:33:27]} Nf4 {[%clk 0:26:28]} 25. Rf1 {[%clk 0:28:45]} Bh4
{[%clk 0:23:42]} 26. Be4 {[%clk 0:26:58]} h6 {[%clk 0:22:38]} 27. a4
{[%clk 0:25:22]} Bf6 {[%clk 0:21:23]} 28. Rf3 {[%clk 0:24:32]} g5
{[%clk 0:19:11]} 29. Nc4 {[%clk 0:21:10]} h5 {[%clk 0:15:36]} 30. Ne3
{[%clk 0:21:03]} a5 {[%clk 0:12:35]} 31. b5 Be7 32. Nc4 Bf6 33. Ne3 1/2-1/2